00278nam a2200097Ia 4500008004000000082001300040100005100053245003100104260003700135300000800172210210b1966 xxu||||| |||| 00| 0 eng d a954 SASI aSASTRI (K A Nilakanta) and SRINIVASACHARI (G). aIndia a historical survey. aBombay.bAllied Publishersc1966 a251